000 00511nam a2200169Ia 4500
008 090201s9999 xx 000 0 und d
010 _aKPL-58654
040 _bमराठी
041 _aमराठी
082 _a6021
_b58654
100 _aगोविंद केळकर
245 _aआधार
_cगोविंद केळकर
260 _c2004
_bराजेंद्र पब्लिकेशन्स
300 _a239
_bमोठा
600 _aआधार
942 _cBOOK
999 _c206872
_d206872